000
00261nam a22001217a 4500
003
SGT
082
_a
342.097300264,SCC
245
_a
THE SUPREME COURT CASES
260
_a
LUCKNOW
_b
EASTERN BOOKS
_c
2012
300
_a
V.P.
653
_a
COURT CASES
942
_2
ddc
_c
BK
999
_c
9633
_d
9633